| 000 | 00369nam a2200133Ia 4500 | ||
|---|---|---|---|
| 008 | 220217s9999||||xx |||||||||||||| ||und|| | ||
| 020 | _a81-88157-02-9 | ||
| 082 | _a005.13 SHA | ||
| 100 |
_aShah, Y.I Thaker, M.H _93850 |
||
| 245 | 0 | _aProgramming in C++ | |
| 260 |
_aLearning meterials centre _bNew Delhi _c2001 |
||
| 300 | _b290 | ||
| 650 | _aPROGRAMMING LANGUAGE | ||
| 999 |
_c173007 _d173007 |
||